000 00546nam a2200193Ia 4500
005 20260120124625.0
008 008 260114s9999 xx 000 0 eng d
020 _a9780762312238
037 _aEBOOK
040 _aCRL
_beng
_cCRL
041 _aeng
_2eng
084 _qCRL
245 0 _aSocial Identification in Groups
260 _bEmerald Publishing
_c2005
700 _aShane R. Thye
_9908525
856 _uhttps://www.emerald.com/insight/publication/doi/10.1016/S0882-6145(2005)22
942 _cEBOOK
999 _c1500420
_d1500420